| 000 | 00754nam a2200193Ii 4500 | ||
|---|---|---|---|
| 003 | JO-AjNU | ||
| 008 | 230605s9999||||xx |||||||||||||| ||und|| | ||
| 040 |
_aJO-AjNU _bara _erda _cJO-AjNU |
||
| 041 | _aara | ||
| 050 | 1 | 4 | _aTA444.D3764 2004 |
| 100 | 3 |
_aدرويش، عماد, _eauthor _951285 |
|
| 245 | 0 | 0 | _aالتحليل والتصميم الانشائي بمساعدة برنامج بروكون :تصميم المنشات والعناصر الخرسانية 1/3 |
| 264 | 3 | 1 | _aالقاهرة :دار دمشق ،2004 |
| 300 | _a214ص | ||
| 336 |
_atext _btxt _2rdacontent |
||
| 337 |
_aunmediated _bn _2rdamedia |
||
| 338 |
_avolume _bnc _2rdacarrier |
||
| 650 | 4 |
_aالتصميم الانشائي-الطرق-العناصر الخرسانية _951286 |
|
| 999 |
_aA22643 _c26211 _d26211 |
||